| 000 | 00508nam a22001337a 4500 | ||
|---|---|---|---|
| 082 |
_a515.72 _bMCL _cL-1, P-25 |
||
| 100 |
_aMclachlan, N.W _939334 |
||
| 245 |
_aModern operational calculus with applications in technical mathematics _bwith applications in technical mathematics _cN.W, Mclachlan |
||
| 260 |
_aLondon _bMacmillan and CO., Limited St. Martin's street, London _c1948 |
||
| 300 |
_axiv, 218 p. : _bill.; _c20 cm |
||
| 526 |
_a0 _b0 _c0 _d515_720000000000000_MCL |
||
| 650 |
_aMCE _9379 |
||
| 942 |
_2ddc _cBK |
||
| 999 |
_c543837 _d543837 |
||